B movies - Statistics

General Stats
  • This quiz has been taken 80 times
  • The average score is 10 of 17
Answer Stats
Picture Answer % Correct
Barbie
100%
Bambi
96%
Big
96%
Beauty and the beast
88%
Brave
83%
Bolt
80%
Big hero 6
77%
Back to the future
68%
Babe
55%
The BFG
52%
Beethoven
51%
Bad teacher
45%
The bad guys
36%
Bewitched
33%
Bad neighbours
16%
Bridge to Terabithia
16%
The borrowers
12%
No matching quizzes found
Score Distribution
Percent of People with Each Score
Percentile by Number Answered
Your Score History
You have not taken this quiz